Medical Terminology - EMT - Statistics

General Stats
  • This quiz has been taken 858 times
  • The average score is 13 of 40
Answer Stats
Hint Answer % Correct
cardi heart
99%
neur nerves
87%
post after, behind
81%
pre before
81%
hepat liver
71%
hyper over, excessive, high
70%
nepher kidney
65%
tachy fast, rapid
63%
brady slow
62%
hypo under, below normal
61%
thorac chest
57%
itis inflammation
50%
psych mind
50%
ectomy surgical removal of
48%
contra against, opposite
40%
logy study of
39%
algia pertaining to pain
35%
trans across, through, beyond
32%
logist specialist
31%
pathy disease
28%
meter measuring instrument
28%
megaly enlargement
25%
ab away from
23%
ad to, towards
23%
oma tumor
21%
epi above
19%
ecto out, outside
18%
primi first
12%
ic pertaining to
10%
al pertaining to
5%
re back
1%
super above, excessive, more than normal
0%
supra above, upper
0%
retro backward, behind
0%
pro before, in front of,
0%
semi half, partial
0%
intra inside, within
0%
syn together, joined
0%
sym together, joined
0%
sub under, below
0%
No matching quizzes found
Score Distribution
Percent of People with Each Score
Percentile by Number Answered
Your Score History
You have not taken this quiz